Statistics for Countries of the Rudest People

Click here to take the quiz!

General Stats

  • This quiz has been taken 91 times
  • The average score is 14 of 20

Answer Stats

% of the votes # Rude Country % Correct
19.291.France
96%
3.157.Spain
93%
16.562.Russia
92%
9.934.Germany
92%
4.35.China
92%
2.248.Italy
91%
10.433.United Kingdom
84%
3.396.United States
84%
0.9120.Australia
78%
2.248.Poland
78%
1.911.India
76%
2.1510.Turkey
69%
1.911.Switzerland
66%
1.4115.Austria
66%
1.7413.Greece
62%
1.2416.Egypt
59%
1.2416.South Korea
59%
0.9919.Norway
54%
1.5714.Croatia
31%
1.2416.Cyprus
16%

Score Distribution

Percentile by Number Answered

Percent of People with Each Score

Your Score History

You have not taken this quiz